LEADER 01191nam a2200301 a 4500 001 000000129714 003 CaOOAMICUS 005 20120717144124.0 008 120717s2011 it d u000 u ita r 020 $a978-88-244-3011-1 040 $aPUL$bita 082 04$a330 100 1 $aSpaziani, Stefania.$0(OLS)http://pul/name/83051 245 10$aCompendio di economia monetaria /$cStefania Spaziani. 260 $aNapoli :$bEsselibri-Simone$g2011 300 $a206 p. :$bgrafici ;$c24 cm 490 1 $aI volumi di base ;$v44/16 500 $aInclude indice. 650 4$aEconomia monetaria.$0(OLS)http://pul/subject/38832 830 0$aVolumi di base ;$v44/16.$0(OLS)http://pul/title/163704 850 $aPUL 852 $aPUL$W1$xDP2 Diritto e Scienze Sociali 3$y110$m330 COLL 3.44.16$j150184$qDDC 21$B148733$CPULBib$Z2$F148733 $H120286 $82 941 1 $a9 996 $6020$a978-88-244-3011-1$9(OLS)http://pul/number/150324 996 $6082$a330$9(OLS)http://pul/classification/362 996 $6245$aCompendio di economia monetaria$9(OLS)http://pul/title/163962 996 $6260$aNapoli :$bEsselibri-Simone$9(OLS)http://pul/publisher/67437 LEADER 01455nam a2200349 a 4500 001 000000148197 003 CaOOAMICUS 005 20151215142124.0 008 151215s1963 fr u000 u fre r 032 $aLibriCat 040 $aPUL$bita 041 1 $afre$heng 100 1 $aTrethowan, Illtyd,$d1907-1993.$0(OLS)http://pul/name/94646 240 10$aBasis of belief.$lFrancese.$0(OLS)http://pul/title/186997 245 12$aL'homme et la connaissance de Dieu / $cIlltyd Trethowan ; traduit de l'anglais par J.P. Amalric ; préface de M. Nédoncelle. 260 $aParis :$bEditions de l'Epi,$c1963. 300 $a201 p. ;$c19 cm. 504 $aBibliografia in nota. 650 4$aUomo (teologia).$0(OLS)http://pul/subject/1029 650 4$aDio$xConoscibilità.$0(OLS)http://pul/subject/4852 700 1 $aNédoncelle, Maurice,$d1905-$0(OLS)http://pul/name/5761 700 1 $aAmalric, J.P.$0(OLS)http://pul/name/94647 850 $aPUL 852 $aPUL$W1$xDP1 Fondo Bordoni$y120$m3 C 87$j163099$qFondi$B172033$CPULBib$Z2$F172033 $HBor989 $81 941 1 $a1 960 $aUmanesimo cristiano$91029 960 $aUmanesimo cristiano$91029 960 $aAntropologia teologica$91029 960 $aAntropologia teologica$91029 996 $6245$aL'homme et la connaissance de Dieu / $9(OLS)http://pul/title/186996 996 $6260$aParis :$bEditions de l'Epi$9(OLS)http://pul/publisher/50935